Canarias : inmigración en una región fronteriza del sur de la Unión Europea /

Los movimientos migratorios procedentes del resto de España constituyen la base del crecimiento de la población catalana hasta la década de los 1970s. En los últimos años se ha iniciado un nuevo flujo migratorio procedente de países no comunitarios que, lejos de estabilizarse, se ha acelarado, diver...

Full description

Bibliographic Details
Main Author: Godenau, Dirk
Other Authors: Zapata Hernández, Vicente
Format: Revista
Language:Spanish
Published: Madrid Servicio de Publicaciones de la Universidad Complutense 2008
Subjects:
Online Access:

MARC

LEADER 00000nas a22000001a 4500
001 037361
003 UAHC_CL
005 20170803124123.0
008 091020c2008 cl fr p 000 spa d
040 |a UAHC_CL  |c UAHC_CL  |d UAHC_CL 
100 1 |a Godenau, Dirk 
245 1 0 |a Canarias :  |b inmigración en una región fronteriza del sur de la Unión Europea /  |c Dirk Godenau, Vicente Zapata Hernández. 
260 |b Servicio de Publicaciones de la Universidad Complutense  |c 2008  |a Madrid 
300 |a p. 61-84 
362 0 |a Vol. 1, no. 1 (1998)- 
500 |a En: Politica y Sociedad. Vol. 45, no. 1 (2008). pp. 61-84. ISSN: 1130-8001. 
520 |a Los movimientos migratorios procedentes del resto de España constituyen la base del crecimiento de la población catalana hasta la década de los 1970s. En los últimos años se ha iniciado un nuevo flujo migratorio procedente de países no comunitarios que, lejos de estabilizarse, se ha acelarado, diversificado y extendido a todo el territorio. Sin lugar a dudas, el Gobierno de Generalitat de Catalunya cuenta con una larga trayectoria en el desarrollo de políticasde inmigración, que arranca con el PLA INTERDEPARTAMENTAL D'IMMIGRACIO (1993-2000). Sin embargo, el tercer y último plan, el PLA DE CIUTADANIA I IMMIGRACIO 2005-2008, aunque con una voluntad continuista, introduce novedades tanto conceptualmente como en cuanto a las líneas estratégicas. 
520 |a Los movimientos migratorios procedentes del resto de España constituyen la base del crecimiento de la población catalana hasta la década de los 1970s. En los últimos años se ha iniciado un nuevo flujo migratorio procedente de países no comunitarios que, lejos de estabilizarse, se ha acelarado, diversificado y extendido a todo el territorio. Sin lugar a dudas, el Gobierno de Generalitat de Catalunya cuenta con una larga trayectoria en el desarrollo de políticasde inmigración, que arranca con el PLA INTERDEPARTAMENTAL D'IMMIGRACIO (1993-2000). Sin embargo, el tercer y último plan, el PLA DE CIUTADANIA I IMMIGRACIO 2005-2008, aunque con una voluntad continuista, introduce novedades tanto conceptualmente como en cuanto a las líneas estratégicas. 
520 |a Los movimientos migratorios procedentes del resto de EspaÒa constituyen la base del crecimiento de la poblaciÛn catalana hasta la dÈcada de los 1970s. En los últimos aÒos se ha iniciado un nuevo flujo migratorio procedente de paÌses no comunitarios que, lejos de estabilizarse, se ha acelarado, diversificado y extendido a todo el territorio. Sin lugar a dudas, el Gobierno de Generalitat de Catalunya cuenta con una larga trayectoria en el desarrollo de polÌticasde inmigraciÛn, que arranca con el PLA INTERDEPARTAMENTAL D'IMMIGRACIO (1993-2000). Sin embargo, el tercer y último plan, el PLA DE CIUTADANIA I IMMIGRACIO 2005-2008, aunque con una voluntad continuista, introduce novedades tanto conceptualmente como en cuanto a las lÌneas estratÈgicas. 
650 4 |a INMIGRACION 
700 1 |a Zapata Hernández, Vicente 
700 1 |a Zapata Hernández, Vicente 
759 |a PP105 
773 0 |t Politica y sociedad  |x 11308001  |d Madrid  |g Vol. 45, no. 1 (2008). pp. 41-60. 
773 0 |t Política y sociedad  |w 037357 
900 |a POLITICA SOC.-01/08 
942 |c REV 
952 |0 0  |1 0  |4 0  |6 POLITICA_SOC_01_08_000000000000000  |7 0  |8 General  |9 71268  |a BC  |b BC  |c General  |d 2017-08-03  |l 0  |o POLITICA SOC.-01/08  |p FICTICIO5412  |r 2019-01-08 00:00:00  |t 1  |w 2017-08-03  |y REV 
999 |c 37361  |d 37361